Devenir Hitler : La fabrique d'un nazi (notice n° 2005665)
[ vue normale ]
| 000 -LEADER | |
|---|---|
| fixed length control field | 01376cam a2200157 4500500 |
| 005 - DATE AND TIME OF LATEST TRANSACTION | |
| control field | 20260329054655.0 |
| 041 ## - LANGUAGE CODE | |
| Language code of text/sound track or separate title | fre |
| 042 ## - AUTHENTICATION CODE | |
| Authentication code | dc |
| 100 10 - MAIN ENTRY--PERSONAL NAME | |
| Personal name | Weber, Thomas |
| Relator term | author |
| 245 00 - TITLE STATEMENT | |
| Title | Devenir Hitler : La fabrique d'un nazi |
| 260 ## - PUBLICATION, DISTRIBUTION, ETC. | |
| Name of publisher, distributor, etc. | Armand Colin,<br/> |
| Date of publication, distribution, etc. | 2021.<br/> |
| 520 ## - SUMMARY, ETC. | |
| Summary, etc. | Comment et pourquoi Hitler, parti de rien, a-t-il réussi à s’imposer sur la scène politique allemande ? Cet ouvrage d’un grand spécialiste de la Seconde Guerre mondiale et d’Adolf Hitler, dépeint six années fatidiques durant lesquelles un médiocre soldat opportuniste est devenu un démagogue redoutable et a fondé une idéologie qui allait nourrir le parti nazi et le porter à la tête de l’Allemagne en 1933.Ce portrait original et captivant donne à voir la genèse d’un dictateur, au sein d’un monde bouleversé par la Grande Guerre et éclaire d’un jour nouveau ces années durant lesquelles se sont construits la pensée, l’image, l’habileté politique et le pouvoir de Hitler.Loin des clichés, documenté et intelligent, l’ouvrage de Thomas Weber nous propose de découvrir la tragique métamorphose de celui qui allait bouleverser le monde à jamais. |
| 700 10 - ADDED ENTRY--PERSONAL NAME | |
| Personal name | Coutrot, Laurence |
| Relator term | author |
| 700 10 - ADDED ENTRY--PERSONAL NAME | |
| Personal name | Clauzier, Jean-Louis |
| Relator term | author |
| 856 41 - ELECTRONIC LOCATION AND ACCESS | |
| Uniform Resource Identifier | <a href="https://shs.cairn.info/devenir-hitler--9782200627720?lang=fr&redirect-ssocas=7080">https://shs.cairn.info/devenir-hitler--9782200627720?lang=fr&redirect-ssocas=7080</a> |
Pas d'exemplaire disponible.




Réseaux sociaux